[Event "Hampstead U2200 Feb2014"]
[Site "Hampstead, UK"]
[Date "2014.02.15"]
[Round "2"]
[White "Gribben, Chris"]
[Black "Baroukh, Leon"]
[Result "1-0"]
[WhiteElo "1546"]
[BlackElo "1702"]
[EventType "swiss"]
[EventRounds "5"]

1. e4 e5 2. Nf3 Nc6 3. Bb5 d6 4. Bxc6+ bxc6 5. O-O Bg4 6. h3 Bh5 7. d3 d5 8.
g4 Bg6 9. Nxe5 Qf6 10. Nxg6 hxg6 11. Kg2 O-O-O 12. Qf3 Qxf3+ 13. Kxf3 Rxh3+
14. Kg2 Rh7 15. Be3 d4 16. Bf4 Nf6 17. f3 Be7 18. Nd2 Nd7 19. Rh1 Rdh8 20.
Rxh7 Rxh7 21. Rh1 Rxh1 22. Kxh1 f6 23. Kg2 g5 24. Bg3 Nb6 25. b3 Bb4 26. Nc4
Nxc4 27. dxc4 Bc3 28. e5 fxe5 29. Bxe5 Ba1 30. Bg3 Kb7 31. Kf1 Bb2 32. Ke2 c5
33. Kd3 g6 34. Be1 Kc6 35. Bd2 Kd6 36. Ke4 Ke6 37. Bxg5 a6 38. Bd2 c6 39. f4
Kf6 40. f5 g5 41. Ba5 Kf7 42. Bd8 Bc1 43. Bc7 Bb2 44. Kd3 Ke7 45. Ba5 Kf7 46.
c3 Ke7 47. cxd4 cxd4 48. Bb6 Kd6 49. Bxd4 Bc1 50. Be3 Bxe3 51. Kxe3 Ke5 52.
Kd3 c5 53. Kc3 a5 54. a3 Kf4 55. f6 Kxg4 56. f7 a4 57. bxa4 Kg3 58. f8=Q g4
59. Qf1 Kh2 60. a5 g3 61. a6 g2 62. Qxg2+ Kxg2 63. a7 Kf1 64. a8=Q Ke1 65. Qf8
Ke2 66. Qf4 Ke1 67. Qh2 Kf1 68. Kd3 {#r} 1-0

[Event "Hampstead U2200 Feb2014"]
[Site "Hampstead, UK"]
[Date "2014.02.15"]
[Round "2"]
[White "Sonnis, Steve"]
[Black "Mondal, Simona"]
[Result "1-0"]
[WhiteElo "1702"]
[BlackElo "1416"]
[EventType "swiss"]
[EventRounds "5"]

1. e4 e5 2. Nf3 Nc6 3. d4 exd4 4. Nxd4 Nf6 5. Nxc6 bxc6 6. Bd3 d5 7. Qe2 Be6
8. Bg5 h6 9. Bd2 Be7 10. Nc3 d4 11. Na4 Rb8 12. b3 Bg4 13. f3 Be6 14. Bc4 Qd6
15. e5 Bxc4 16. exd6 Bxe2 17. dxc7 Rc8 18. Kxe2 Rxc7 19. Rhe1 O-O 20. Kf1 Bd6
21. g3 Re8 22. Nb2 Rce7 23. Nc4 Bc7 24. Bb4 Re6 25. Bc5 Nd5 26. Bxd4 Nb4 27.
Rxe6 Rxe6 28. Bxa7 Nxc2 29. Rc1 Nb4 30. a3 Nd5 31. Re1 Rf6 32. Kg2 Kf8 33.
Bc5+ Kg8 34. a4 Nc3 35. Bd4 Re6 36. Rxe6 fxe6 37. Bxc3 c5 38. a5 Bb8 39. a6
Ba7 40. Ba5 Kf7 41. Bb6 Bb8 42. a7 Bxa7 43. Bxa7 Ke7 44. Bxc5+ Kd7 45. Bf8 Kc6
46. Bxg7 h5 47. g4 hxg4 48. fxg4 Kc5 49. h4 Kb4 50. Nd2 Kc5 51. h5 e5 52. Bxe5
{#r} 1-0

[Event "Hampstead U2200 Feb2014"]
[Site "Hampstead, UK"]
[Date "2014.02.15"]
[Round "2"]
[White "Lovell, William Pm"]
[Black "Oliveri, Claudio"]
[Result "0-1"]
[WhiteElo "1447"]
[BlackElo "1661"]
[EventType "swiss"]
[EventRounds "5"]

1. e4 c5 2. Nc3 e6 3. f4 d5 4. exd5 exd5 5. Nf3 Nc6 6. Be2 Nf6 7. O-O d4 8.
Nb1 Bd6 9. d3 O-O 10. Na3 Re8 11. Nc4 Bc7 12. Ng5 h6 13. Nf3 b6 14. Nfe5 Bb7
15. Qe1 Nxe5 16. fxe5 Ng4 17. h3 Nxe5 18. Nxe5 Bxe5 19. Qf2 Qf6 20. Qe1 Qg6
21. Qf2 Bg3 22. Qf5 Rxe2 23. Qxg6 fxg6 24. c3 Rxg2+ 25. Kh1 Rxb2+ 26. Kg1 Bh2#
0-1

[Event "Hampstead U2200 Feb2014"]
[Site "Hampstead, UK"]
[Date "2014.02.15"]
[Round "2"]
[White "Cadart, Antoine"]
[Black "McCormack, Daniel"]
[Result "1-0"]
[WhiteElo "1642"]
[BlackElo "1200"]
[EventType "swiss"]
[EventRounds "5"]

1. e4 c5 2. Nf3 b6 3. d4 cxd4 4. Nxd4 e5 5. Nf3 Nf6 6. Bc4 Nxe4 7. Qd5 Nd6 8.
Qxa8 Nc6 9. Bd5 Qc7 10. Bxc6 dxc6 11. Nxe5 Nb7 12. Bf4 Qe7 13. Qxc8+ Nd8 14.
O-O Qd6 15. Nc3 Be7 16. Rad1 O-O {#r} 1-0

[Event "Hampstead U2200 Feb2014"]
[Site "Hampstead, UK"]
[Date "2014.02.15"]
[Round "2"]
[White "Sawhney, Anisha"]
[Black "Sharkey, Brian"]
[Result "0-1"]
[WhiteElo "1426"]
[BlackElo "1641"]
[EventType "swiss"]
[EventRounds "5"]

1. e4 d6 2. Nf3 Nf6 3. Nc3 g6 4. d4 Bg7 5. Bc4 O-O 6. O-O Nxe4 7. Nxe4 d5 8.
Bxd5 Qxd5 9. Re1 Bg4 10. h3 Bxf3 11. Qxf3 Qxd4 12. Qf4 e5 13. Nf6+ Bxf6 14.
Qxf6 Nd7 15. Qf3 Qb4 16. Bh6 Rfe8 17. Rad1 e4 18. Qf4 f5 19. Qxc7 Re7 20. Rxd7
Rae8 21. Rxe7 Rxe7 22. Qd8+ Kf7 23. Qf8+ Ke6 24. Qg8+ Kf6 25. Qf8+ Ke6 26.
Qc8+ Kf7 27. Rd1 Qxb2 28. Qf8+ Ke6 29. Bg5 Rd7 30. Qf6+ Qxf6 31. Rd6+ Rxd6 32.
Bxf6 Kxf6 33. Kh2 Rd2 34. f3 exf3 35. Kg3 fxg2 36. Kh2 Rxc2 37. a4 f4 38. h4
Kf5 39. Kg1 Kg4 40. h5 Kg3 {#R} 0-1

[Event "Hampstead U2200 Feb2014"]
[Site "Hampstead, UK"]
[Date "2014.02.15"]
[Round "3"]
[White "Jaunooby, Ali R"]
[Black "Mondal, Prince"]
[Result "1-0"]
[WhiteElo "2149"]
[BlackElo "1923"]
[EventType "swiss"]
[EventRounds "5"]

1. d4 Nf6 2. Bf4 g6 3. Nd2 d5 4. e3 Bg7 5. h3 Nbd7 6. c4 e6 7. c5 O-O 8. Ngf3
Ne4 9. Nxe4 dxe4 10. Nd2 f5 11. Bc4 Nf6 12. Be5 Re8 13. g4 Bd7 14. Qb3 Rb8 15.
gxf5 gxf5 16. Rg1 Kf7 17. O-O-O Bc6 18. Bxe6+ Rxe6 19. Rxg7+ Kxg7 20. Qxe6 Be8
21. f3 exf3 22. Nxf3 Bg6 23. Rg1 {#r} 1-0

[Event "Hampstead U2200 Feb2014"]
[Site "Hampstead, UK"]
[Date "2014.02.15"]
[Round "3"]
[White "Niccoli, Tony"]
[Black "Harari, Zaki"]
[Result "1-0"]
[WhiteElo "2066"]
[BlackElo "2084"]
[EventType "swiss"]
[EventRounds "5"]

1. e4 e6 2. d4 d5 3. exd5 exd5 4. Bd3 Bd6 5. Nf3 Ne7 6. c4 dxc4 7. Bxc4 O-O 8.
O-O Nbc6 9. Nc3 Bg4 10. Be3 Nf5 11. Bd5 Nxe3 12. fxe3 Qe7 13. Qd2 Rad8 14. Kh1
Bb4 15. Bc4 Bxf3 16. Rxf3 Ne5 17. Rh3 h6 18. Bb3 Ng4 19. Qe2 Nf6 20. Rf1 c6
21. Rhf3 Rd6 22. Qd3 Kh8 23. Bc2 g6 24. e4 Ng4 25. Qc4 Rd7 26. h3 b5 27. Qxc6
Rxd4 28. hxg4 Rd2 29. Bd1 Bd6 30. Nd5 Qe5 31. Qc3 Qxc3 32. bxc3 Kg7 33. R3f2
Rxf2 34. Rxf2 Rc8 35. Bb3 a5 36. Rf3 a4 37. Bd1 Rc4 38. Re3 Be5 39. Be2 Rc5
40. g3 f5 41. gxf5 gxf5 42. Bf3 fxe4 43. Bxe4 Bd6 44. Kg2 Rc4 45. Kf3 h5 46.
Rd3 Be5 47. Nb6 Rc5 48. Nd7 {#r} 1-0

[Event "Hampstead U2200 Feb2014"]
[Site "Hampstead, UK"]
[Date "2014.02.15"]
[Round "3"]
[White "Villiers, Thomas"]
[Black "Rubinson, Adam"]
[Result "1-0"]
[WhiteElo "2084"]
[BlackElo "1770"]
[EventType "swiss"]
[EventRounds "5"]

1. c4 c5 2. g3 g6 3. Bg2 Bg7 4. Nc3 Nc6 5. d3 e5 6. e4 d6 7. Nge2 Bg4 8. f3
Be6 9. O-O Nge7 10. Be3 Qd7 11. Nd5 O-O 12. Qd2 Rab8 13. f4 f5 14. Rab1 a6 15.
b3 b5 16. Nec3 b4 17. Nxe7+ Nxe7 18. Nd5 Bxd5 19. cxd5 Rb5 20. Rbc1 Rb7 21.
Bh3 Ra7 22. fxe5 Bxe5 23. d4 cxd4 24. Bxd4 Rb7 25. Rc4 Qb5 26. exf5 Qxd5 27.
fxg6 Rxf1+ 28. Bxf1 hxg6 29. Rc8+ {#r} 1-0

[Event "Hampstead U2200 Feb2014"]
[Site "Hampstead, UK"]
[Date "2014.02.15"]
[Round "3"]
[White "Prior, Stephen CV"]
[Black "Salem, Ihab"]
[Result "1-0"]
[WhiteElo "2022"]
[BlackElo "2073"]
[EventType "swiss"]
[EventRounds "5"]

1. e4 a6 2. d4 g6 3. Nf3 Bg7 4. Bd3 b5 5. O-O Bb7 6. Qe2 Nf6 7. a4 b4 8. c4
O-O 9. e5 Ne8 10. Be4 Qc8 11. Bf4 a5 12. Nbd2 f6 13. Bxb7 Qxb7 14. e6 d5 15.
cxd5 Qxd5 16. Rac1 Ra6 17. Rfe1 Rc6 18. Rxc6 Nxc6 19. Qc4 Qxc4 20. Nxc4 g5 21.
Be3 g4 22. d5 gxf3 23. dxc6 fxg2 24. Nxa5 Nd6 25. b3 f5 26. Bc5 Bc3 27. Re2 f4
28. f3 Rf5 29. Bxd6 Bd4+ 30. Kxg2 cxd6 31. Nb7 Bb6 32. Nxd6 Rg5+ 33. Kh3 Rc5
34. Nc8 Bd8 35. Rd2 Ba5 36. Nxe7+ Kf8 37. Rd5 Rc3 38. Nf5 Bc7 39. Nd4 Bb6 40.
Rd7 Bxd4 41. Rxd4 Rxc6 42. Rxf4+ Ke7 43. Rxb4 Kxe6 44. a5 Kd5 45. Rb7 Rc3 46.
Kg3 h5 47. a6 Rc6 48. Rb5+ Ke6 49. Rxh5 {#r} 1-0

[Event "Hampstead U2200 Feb2014"]
[Site "Hampstead, UK"]
[Date "2014.02.15"]
[Round "3"]
[White "Keohane, Ben"]
[Black "Ai, Farshad"]
[Result "1-0"]
[WhiteElo "2090"]
[BlackElo "1935"]
[EventType "swiss"]
[EventRounds "5"]

1. e4 c6 2. d4 d5 3. Nc3 dxe4 4. f3 exf3 5. Nxf3 Bg4 6. Bc4 e6 7. O-O Nf6 8.
h3 Bxf3 9. Rxf3 Be7 10. Rg3 g6 11. Ne2 Nbd7 12. a4 Bf8 13. Nf4 Nd5 14. Bxd5
cxd5 15. Nxd5 exd5 16. Qe2+ Be7 17. Bh6 f6 18. Re1 Rf8 19. Qe6 Rf7 20. Qxd5
Nb6 21. Qxb7 Qd5 22. Qxd5 Nxd5 23. c4 Nb6 24. b3 a5 25. Rge3 Kd7 26. Re6 Bb4
27. R1e2 Re7 28. Rxe7+ Bxe7 29. Bd2 Bb4 30. Bxb4 axb4 31. Ra2 Re8 32. a5 Na8
33. Ra4 Rb8 34. Kf2 Nc7 35. a6 f5 36. Ke3 g5 37. d5 h5 38. Kd4 Re8 39. a7 g4
40. Rxb4 gxh3 41. gxh3 Ra8 42. Ra4 Re8 43. Ra2 f4 44. Rf2 Ra8 45. Rxf4 Rxa7
46. Rh4 Rb7 47. Kc3 Ne8 48. c5 Ke7 49. Rxh5 Nf6 50. Re5+ Kd8 51. Kc4 Rh7 52.
Re6 Ne8 53. Re3 Nc7 54. c6 Ne8 55. Kc5 Nf6 56. Rf3 Rh6 57. b4 Ne4+ 58. Kb6 Rh5
59. c7+ Kd7 60. Rd3 Rh6+ 61. Kb5 Kxc7 62. Re3 Ng5 63. Kc5 Rxh3 64. Re7+ Kd8
65. d6 Nf7 66. Kc6 $138 {1-0, Time.} {#r} 1-0

[Event "Hampstead U2200 Feb2014"]
[Site "Hampstead, UK"]
[Date "2014.02.15"]
[Round "3"]
[White "Wen, Jackson"]
[Black "Hayward, Alan"]
[Result "0-1"]
[WhiteElo "1701"]
[BlackElo "1952"]
[EventType "swiss"]
[EventRounds "5"]

1. e4 d5 2. exd5 Nf6 3. Nf3 Nxd5 4. d4 Bf5 5. Bc4 e6 6. Bd2 Nc6 7. O-O Bg4 8.
c3 Bd6 9. h3 Bh5 10. Be2 Nf4 11. Be3 Nxe2+ 12. Qxe2 O-O 13. Nbd2 Ne7 14. Bg5
h6 15. g4 hxg5 16. gxh5 Nd5 17. Rfe1 Nf4 18. Qf1 Nxh5 19. Ne4 Be7 20. Qb5 Nf4
21. Kh2 f5 22. Ng3 g4 23. hxg4 fxg4 24. Ne5 Bd6 25. Rf1 Qh4+ 26. Kg1 Nh3+ 27.
Kg2 Nxf2 28. Rxf2 Rxf2+ 29. Kxf2 Rf8+ 30. Ke2 Qxg3 31. Re1 Bxe5 32. Qxe5 Rf2+
{#R} 0-1

[Event "Hampstead U2200 Feb2014"]
[Site "Hampstead, UK"]
[Date "2014.02.15"]
[Round "3"]
[White "Hudson, Julian"]
[Black "Macreamoinn, Brian"]
[Result "1-0"]
[WhiteElo "1965"]
[BlackElo "1807"]
[EventType "swiss"]
[EventRounds "5"]

1. e4 c5 2. c3 d6 3. d4 Nf6 4. dxc5 Bd7 5. cxd6 Nxe4 6. Bd3 Nxd6 7. Nf3 Nc6 8.
O-O Qa5 9. Bf4 O-O-O 10. b4 Qh5 11. Bxd6 exd6 12. Nbd2 d5 13. Re1 f6 14. Qc2
Bd6 15. Nf1 Kb8 16. Rad1 Bg4 17. Be2 Rhe8 18. Qd2 Re4 19. Ng3 Bxg3 20. fxg3
Rde8 21. Kf2 Be6 22. Bd3 f5 23. Bxe4 fxe4 24. Qf4+ Ka8 25. Ng5 Bg8 26. Kg1 a6
27. g4 Qg6 28. a4 h6 29. Nh3 Ne5 30. b5 Nd3 31. Qc7 Nxe1 32. Rxe1 Qf7 33. Qc5
Qe7 34. Qb6 Qe6 35. Qc7 Qe7 36. Qb6 Rc8 37. bxa6 Qc5+ 38. Qxc5 Rxc5 39. axb7+
Kxb7 40. Rb1+ Ka7 41. Nf4 Rxc3 42. Rd1 e3 43. Ne2 Ra3 44. g3 Kb6 45. Kg2 Bh7
46. Nf4 Be4+ 47. Kf1 Kc5 48. a5 d4 49. Ne6+ Kd5 50. Nxd4 Rd3 51. Rxd3 Bxd3+
52. Ne2 Ke4 53. Ke1 Kf3 54. Nf4 Bc4 55. Nh5 g6 56. g5 hxg5 57. Nf6 g4 58. Nd7
Ke4 59. a6 Bxa6 60. Nc5+ Kf3 61. Nxa6 Kg2 62. Nc5 Kf3 63. Kf1 e2+ 64. Ke1 Ke3
65. Ne6 Kf3 66. Nf4 g5 67. Nxe2 Kg2 68. Kd2 Kxh2 69. Ke3 Kg2 70. Ke4 Kf2 71.
Kf5 Kxe2 72. Kxg5 {#r} 1-0

[Event "Hampstead U2200 Feb2014"]
[Site "Hampstead, UK"]
[Date "2014.02.15"]
[Round "3"]
[White "Brozel, Sacha"]
[Black "Gibbs, Dominic V"]
[Result "1-0"]
[WhiteElo "1726"]
[BlackElo "1967"]
[EventType "swiss"]
[EventRounds "5"]

1. d4 e6 2. c4 f5 3. g3 Nf6 4. Bg2 d5 5. Nf3 c6 6. Nc3 Bd6 7. O-O O-O 8. Rb1
Qe7 9. a3 dxc4 10. Nd2 b5 11. Nxb5 cxb5 12. Bxa8 Nbd7 13. Bg2 e5 14. dxe5 Nxe5
15. Nf3 Ng6 16. e3 Rd8 17. Qc2 Ne4 18. Nd4 Bd7 19. a4 a6 20. axb5 axb5 21. Bd2
h5 22. Bh3 Ne5 23. Ba5 Rf8 24. b3 h4 25. bxc4 Nxc4 26. Nxb5 Bxb5 27. Rxb5 Nxa5
28. Rxa5 hxg3 29. fxg3 g6 30. Qa2+ Kh8 31. Qa1+ Kg8 32. Ra7 Qf6 33. Qxf6 Nxf6
34. Re1 Re8 35. Ra6 Be7 36. Rea1 Kf7 37. Ra7 Nd5 38. Kf2 Kf6 39. R7a6+ Kg5 40.
Bg2 Nf6 41. h4+ Kh6 42. Re6 Kg7 43. Bc6 Kf7 44. Rxf6+ Bxf6 45. Bxe8+ Kxe8 46.
Ra7 Be7 47. Kf3 Kf7 48. Ra6 Kg7 49. e4 fxe4+ 50. Kxe4 Kf7 51. Ke5 Bc5 52. Rc6
Bf2 {#r} 1-0

[Event "Hampstead U2200 Feb2014"]
[Site "Hampstead, UK"]
[Date "2014.02.15"]
[Round "3"]
[White "Bedi, Adam"]
[Black "Cork, David J"]
[Result "0-1"]
[WhiteElo "1933"]
[BlackElo "1763"]
[EventType "swiss"]
[EventRounds "5"]

1. d4 Nf6 2. c4 g6 3. g3 Bg7 4. Bg2 d6 5. Nf3 O-O 6. O-O Nbd7 7. Nc3 c5 8. e3
Nb6 9. Qe2 Qc7 10. b3 Bd7 11. Bb2 d5 12. cxd5 cxd4 13. Nxd4 Rfd8 14. Rac1 Qe5
15. Nf3 Qh5 16. e4 Bg4 17. Nb5 a6 18. Nbd4 Nfd7 19. Rc2 Ne5 20. h3 Bxh3 21.
Nxe5 Bxg2 22. Qxh5 gxh5 23. Kxg2 Bxe5 24. Nf5 Bxb2 25. Rxb2 e6 26. dxe6 fxe6
27. Ne3 Rd4 28. f3 Rad8 29. Kh3 Rd2 30. Rf2 Rxb2 31. Rxb2 Rd3 32. Re2 Nd7 33.
f4 Nc5 34. e5 Ne4 35. Nf1 Nc3 36. Rc2 Rf3 37. Kh4 Nd5 38. Nh2 Rc3 39. Rg2 Ne3
40. Rd2 Nf5+ 41. Kxh5 Nxg3+ 42. Kg4 h5+ 43. Kg5 Ne4+ {#R} 0-1

[Event "Hampstead U2200 Feb2014"]
[Site "Hampstead, UK"]
[Date "2014.02.15"]
[Round "3"]
[White "Pattni, Kishan"]
[Black "Millward, David J"]
[Result "1-0"]
[WhiteElo "1715"]
[BlackElo "1922"]
[EventType "swiss"]
[EventRounds "5"]

1. f4 f5 2. e4 fxe4 3. d3 exd3 4. Bxd3 Nf6 5. g4 g6 6. g5 Ng8 7. f5 e5 8. fxg6
hxg6 9. Bxg6+ Ke7 10. Qf3 Nc6 11. Qf7+ Kd6 12. Nc3 Nce7 13. Ne4+ Kc6 14. Qc4+
Kb6 15. Be3+ {#r} 1-0

[Event "Hampstead U2200 Feb2014"]
[Site "Hampstead, UK"]
[Date "2014.02.15"]
[Round "3"]
[White "Oliveri, Claudio"]
[Black "Sagues, Vincent"]
[Result "1-0"]
[WhiteElo "1661"]
[BlackElo "1908"]
[EventType "swiss"]
[EventRounds "5"]

1. e4 e6 2. Nf3 c5 3. b3 Nc6 4. Bb2 Nf6 5. e5 Nd5 6. c4 Nf4 7. h4 h5 8. g3 Ng6
9. Bg2 Qc7 10. Qe2 b6 11. O-O Bb7 12. Re1 Be7 13. Qe3 Nb4 14. Qc3 O-O-O 15. a3
Nc6 16. Qe3 f5 17. exf6 gxf6 18. Nc3 a6 19. Ne4 Rhf8 20. Qh6 f5 21. Neg5 Rg8
22. Qxh5 f4 23. Kh2 fxg3+ 24. fxg3 Rdf8 25. Re3 Bf6 26. Bxf6 Rxf6 27. Rae1
Nge7 28. Bh3 Nf5 29. Bxf5 Rxf5 30. Kh3 Nd4 31. Qh7 Rgf8 32. Ne5 Nc2 33. Ng6
Re8 34. Ne7+ Rxe7 35. Qxe7 Nxe3 36. Rxe3 Qc6 37. Ne4 Kc7 38. d3 b5 39. g4 Rf1
40. Qxc5 Rh1+ 41. Kg3 Rg1+ 42. Kf4 Qxc5 43. Nxc5 Bc8 44. Kg5 e5 45. h5 d6 46.
Nxa6+ Bxa6 47. Rh3 Bc8 48. Rh4 bxc4 49. bxc4 Be6 50. h6 Bg8 51. Kg6 Rb1 52.
Kg7 Rb8 53. g5 Kd7 54. g6 Ke6 55. h7 Bxh7 56. gxh7 Rb7+ 57. Kg6 {#r} 1-0

[Event "Hampstead U2200 Feb2014"]
[Site "Hampstead, UK"]
[Date "2014.02.15"]
[Round "3"]
[White "Liang, Jake Z"]
[Black "Jain, Gautam"]
[Result "1-0"]
[WhiteElo "1898"]
[BlackElo "1690"]
[EventType "swiss"]
[EventRounds "5"]

1. d4 f5 2. g3 e6 3. Bg2 Nf6 4. Nd2 d5 5. Nh3 Bd6 6. O-O O-O 7. c4 c6 8. Nf3
Nbd7 9. Bf4 Bxf4 10. Nxf4 Qe8 11. Nd3 Nb6 12. c5 Nbd7 13. Qc2 Kh8 14. b4 Ng8
15. a4 Ne7 16. b5 Ng6 17. Nb4 Nb8 18. Rfb1 e5 19. dxe5 Nxe5 20. Nxe5 Qxe5 21.
Ra3 Qf6 22. a5 f4 23. Rf1 fxg3 24. Rxg3 Qd4 25. Qc3 Rf4 26. Qxd4 Rxd4 27. Re3
Bd7 28. Rb1 Kg8 29. Rd3 Rxd3 30. exd3 a6 31. bxc6 bxc6 32. Nxd5 Kf8 33. Nb6
Ra7 34. Nc4 Ra8 35. Rb7 Bc8 36. Rc7 Nd7 37. Bxc6 {#r} 1-0

[Event "Hampstead U2200 Feb2014"]
[Site "Hampstead, UK"]
[Date "2014.02.15"]
[Round "3"]
[White "Sharkey, Brian"]
[Black "Landau, Jonathan"]
[Result "0-1"]
[WhiteElo "1641"]
[BlackElo "1886"]
[EventType "swiss"]
[EventRounds "5"]

1. d4 d5 2. c4 Nc6 3. Nf3 Bg4 4. e3 e6 5. Nc3 Nf6 6. a3 Be7 7. b4 O-O 8. Bb2
Ne4 9. Qc2 Bxf3 10. gxf3 Nxc3 11. Bxc3 Bf6 12. f4 a5 13. b5 Ne7 14. a4 g6 15.
Bg2 Nf5 16. Rg1 Bg7 17. Rc1 Qh4 18. Ke2 c6 19. cxd5 cxd5 20. Bb2 Nd6 21. Ba3
Rfc8 22. Qb3 Nc4 23. Rc3 Qxh2 24. Qb1 Nxa3 25. Rxa3 Rc4 26. Bf3 Rac8 27. Rh1
Rc2+ 28. Qxc2 Rxc2+ {#R} 0-1

[Event "Hampstead U2200 Feb2014"]
[Site "Hampstead, UK"]
[Date "2014.02.15"]
[Round "3"]
[White "Barasi, Paul DI"]
[Black "Cadart, Antoine"]
[Result "1-0"]
[WhiteElo "1880"]
[BlackElo "1642"]
[EventType "swiss"]
[EventRounds "5"]

1. d4 d5 2. Bg5 h6 3. Bh4 Nf6 4. Bxf6 gxf6 5. c4 dxc4 6. e3 Rg8 7. Nc3 Nc6 8.
Qa4 Be6 9. d5 Bxd5 10. O-O-O e6 11. e4 a6 12. exd5 b5 13. Nxb5 axb5 14. Qxb5
Qd6 15. Qxc6+ Qxc6 16. dxc6 Rxa2 17. Kb1 Ra4 18. Nh3 Bd6 19. g3 Ke7 20. Kc2
Rb8 21. f4 Ra2 22. Rb1 Ba3 23. Bxc4 Raxb2+ 24. Rxb2 Rxb2+ 25. Kc3 Rb6 26. Rd1
Rxc6 27. Nf2 Rb6 28. Nd3 Bd6 29. Ra1 Rb8 30. Kc2 Rg8 31. Ra5 f5 32. Ne5 h5 33.
Nf3 Kf6 34. Be2 Ke7 35. Nh4 Rh8 36. Bf3 Kf6 37. Kd3 Ke7 38. Ra8 Rh7 39. Rg8
Kf6 40. Rg5 Ke7 41. Rxh5 Rxh5 42. Bxh5 Kf6 43. Bd1 e5 44. fxe5+ Bxe5 45. Ke3
Bd6 46. Bc2 f4+ 47. gxf4 Bc5+ 48. Kf3 Kg7 49. Kg4 Bb4 50. Nf5+ Kf6 51. h4 Kg6
52. h5+ Kh7 53. Kg5 Bd2 54. h6 f6+ 55. Kg4 Bc1 56. Kf3 Bd2 57. Ke4 Bc1 58. Bb3
Bd2 59. Bc2 Bc1 60. Kf3 Bd2 61. Nd4+ Kxh6 62. f5 Bc3 63. Nc6 Kg7 64. Ke4 Kf7
65. Bb3+ Ke8 66. Kd5 Kf8 67. Ke6 Kg7 68. Ke7 Kh6 69. Be6 Kg5 70. Kd7 Ba1 71.
Kxc7 Bb2 72. Kd7 Ba1 73. Ke8 Bb2 74. Nd8 Ba1 75. Kf8 Bb2 76. Kg7 Ba1 77. Nf7+
Kf4 78. Kg6 Bb2 79. Nh6 Ba1 80. Ng8 Bb2 81. Nxf6 Ba1 82. Nd5+ Kf3 83. Bd7 Bb2
84. Bc6 Ke2 85. f6 Bxf6 86. Kxf6 Kd3 87. Ke5 Kc4 88. Ne3+ Kc5 89. Bd5 Kb6 90.
Kd4 Kb5 91. Nc4 Kb4 92. Bf3 Kb5 93. Nd6+ Kb6 94. Kc4 Kc7 95. Kd5 Kd7 96. Nf5
Kc7 97. Bd1 Kb6 98. Bb3 Kb5 99. Bc4+ Kb6 100. Nd4 Kc7 101. Bb5 Kb6 102. Bc6
Kc7 103. Kc5 Kd8 104. Kd6 Kc8 105. Bd5 Kd8 106. Bc6 Kc8 107. Ne6 Kb8 108. Kc5
Ka7 109. Kb5 Kb8 110. Kb6 Kc8 111. Be8 Kb8 112. Bd7 Ka8 113. Nc7+ Kb8 114.
Na6+ {#r} 1-0

[Event "Hampstead U2200 Feb2014"]
[Site "Hampstead, UK"]
[Date "2014.02.15"]
[Round "3"]
[White "Zhao, Haolin"]
[Black "Joslin, Tim"]
[Result "0-1"]
[WhiteElo "1316"]
[BlackElo "1855"]
[EventType "swiss"]
[EventRounds "5"]

1. e4 e6 2. d3 d5 3. Nd2 c5 4. Ngf3 Nc6 5. g3 Nf6 6. Bg2 Be7 7. O-O O-O 8. Re1
Re8 9. Nf1 dxe4 10. dxe4 Qxd1 11. Rxd1 Nxe4 12. Ne3 Nf6 13. b3 Bd7 14. Bb2
Rad8 15. Ne5 Nxe5 16. Bxe5 Bc8 17. Kf1 Rxd1+ 18. Rxd1 Rd8 19. Rxd8+ Bxd8 20.
Nc4 Ne8 21. Nd6 Nxd6 22. Bxd6 b6 23. Ke2 f6 24. Bf4 Kf7 25. Kd3 Ba6+ 26. Kc3
e5 27. Be3 Ke6 28. f3 Bb7 29. Bh3+ f5 30. Bg2 Bf6 31. Kd2 g5 32. Ke2 h5 33. c4
Kf7 34. Bh3 g4 35. Bg2 Kg6 36. Kf2 gxf3 37. Bxf3 Bxf3 38. Kxf3 Bg5 39. Bxg5
Kxg5 40. h4+ Kf6 41. a3 Ke6 42. Ke3 a6 43. b4 cxb4 44. axb4 a5 45. c5 axb4 46.
cxb6 Kd6 47. Kd3 Kc6 48. Kc4 Kxb6 49. Kxb4 Kc6 50. Kc4 Kd6 51. Kd3 Kd5 52. Ke3
Kc4 {#R} 0-1

[Event "Hampstead U2200 Feb2014"]
[Site "Hampstead, UK"]
[Date "2014.02.15"]
[Round "3"]
[White "Cossins, Neil"]
[Black "Gribben, Chris"]
[Result "1/2-1/2"]
[WhiteElo "1834"]
[BlackElo "1546"]
[EventType "swiss"]
[EventRounds "5"]

1. e4 e6 2. d4 d5 3. e5 c5 4. f4 cxd4 5. Nf3 Nc6 6. Bd3 Bb4+ 7. c3 dxc3 8.
bxc3 Bc5 9. Nbd2 Nge7 10. Nb3 Bb6 11. Rb1 g6 12. a3 Bd7 13. Nbd4 Nxd4 14. cxd4
Nc6 15. Be3 Ba5+ 16. Kf2 Bb6 17. g4 Ne7 18. h4 h5 19. gxh5 Rxh5 20. Ng5 Nf5
21. Qg4 Qe7 22. Bxf5 exf5 23. Qe2 Qxa3 24. Rbe1 Qe7 25. Rc1 a6 26. Kg3 Bb5 27.
Qa2 Qd7 28. Rhe1 Bd8 29. e6 fxe6 30. Nxe6 Bxh4+ 31. Kg2 Bc4 32. Rxc4 Bxe1 33.
Nc5 Qe7 34. Rc2 b6 35. Qxd5 bxc5 36. Qxa8+ Kf7 37. Rxc5 Qe4+ 38. Qxe4 fxe4 39.
Rc7+ Ke8 40. Rc6 a5 41. Rxg6 a4 42. Ra6 Ra5 43. Rxa5 Bxa5 44. Bc1 Bc3 45. d5
Kd7 46. Ba3 Bd4 47. Kf1 Bf6 48. d6 Bg7 49. f5 Bf8 50. Ke2 Bxd6 51. Bb2 a3 52.
Ba1 a2 53. Ke3 Ke7 54. Kxe4 Kf7 55. Kd3 Be7 56. Kc2 Bf6 {#d} 1/2-1/2

[Event "Hampstead U2200 Feb2014"]
[Site "Hampstead, UK"]
[Date "2014.02.15"]
[Round "3"]
[White "Chauhan, Pranay"]
[Black "Figueroa, Edison"]
[Result "0-1"]
[WhiteElo "1463"]
[BlackElo "1786"]
[EventType "swiss"]
[EventRounds "5"]

1. d4 e6 2. Bf4 Nf6 3. Nf3 c5 4. c3 cxd4 5. cxd4 Qb6 6. Qc2 Nc6 7. e3 Nb4 8.
Qb3 Nh5 9. Bg5 h6 10. Bh4 g5 11. Bg3 Nxg3 12. hxg3 Bg7 13. a3 Nd5 14. Qxb6
Nxb6 15. Nc3 a6 16. Ne4 d5 17. Nc5 Nd7 18. Nd3 Ke7 19. Be2 Kd6 20. Rc1 b6 21.
Kd2 Bb7 22. Rc3 Nf6 23. Rb3 Ne4+ 24. Kc2 Rac8+ 25. Kd1 Rc6 26. Nd2 Rhc8 27.
Nxe4+ dxe4 28. Ne1 b5 29. Kd2 e5 30. dxe5+ Kxe5 31. Bd1 Rd8+ 32. Ke2 Rc1 33.
Bc2 Bd5 {#R} 0-1

[Event "Hampstead U2200 Feb2014"]
[Site "Hampstead, UK"]
[Date "2014.02.15"]
[Round "3"]
[White "Baroukh, Leon"]
[Black "Maund, Barry"]
[Result "1-0"]
[WhiteElo "1702"]
[BlackElo "1794"]
[EventType "swiss"]
[EventRounds "5"]

1. d4 d5 2. c4 e6 3. Nf3 a6 4. e3 Nf6 5. Nbd2 Nc6 6. Bd3 Ne7 7. O-O Ng6 8. Qc2
Be7 9. Re1 O-O 10. h4 h6 11. cxd5 Nxh4 12. Nxh4 Nxd5 13. Nhf3 Nb4 14. Qb1 c5
15. a3 Nxd3 16. Qxd3 b5 17. b3 Bf6 18. Bb2 e5 19. Ne4 Bb7 20. Nxf6+ gxf6 21.
Qf5 Bc8 22. Qh5 e4 23. Nh4 Qd7 24. Qxh6 Qg4 25. dxc5 Qg7 26. Qxf6 Qxf6 27.
Bxf6 Kh7 28. Red1 Be6 29. b4 Rg8 30. Rd4 Rg4 31. f3 Rg3 32. Rxe4 Rag8 33. Kf2
Bf5 34. Re5 {#r} 1-0

[Event "Hampstead U2200 Feb2014"]
[Site "Hampstead, UK"]
[Date "2014.02.15"]
[Round "3"]
[White "Sheremetyeva, Elizaveta"]
[Black "Michow, Jordan"]
[Result "0-1"]
[WhiteElo "1634"]
[BlackElo "1330"]
[EventType "swiss"]
[EventRounds "5"]

1. e4 e5 2. f4 exf4 3. Nf3 d6 4. d4 g5 5. h4 g4 6. Ng5 f6 7. Bxf4 fxg5 8. Bxg5
Be7 9. Bxe7 Qxe7 10. Nc3 c6 11. Qd3 Nf6 12. O-O-O O-O 13. g3 b5 14. Bg2 Bb7
15. Qe2 b4 16. Nb1 Ba6 17. Qe3 Qg7 18. Qb3+ Kh8 19. Qxb4 Qc7 20. d5 c5 21. Qc3
Nbd7 22. Nd2 Rae8 23. Rde1 Ne5 24. Bf1 Bc8 25. Bg2 h5 26. Nc4 Bd7 27. Nxe5
Rxe5 28. Rhf1 Be8 29. Rf2 Bg6 30. a3 Qe7 31. Rff1 Kh7 32. Kd1 Qg7 33. Qc4 Rfe8
34. b4 Bxe4 35. Bxe4+ Nxe4 36. b5 Nxg3 37. Rxe5 Rxe5 38. Qd3+ Ne4 39. Rf4 Qg6
40. Qf1 Rxd5+ 41. Ke1 Kg7 42. c4 Re5 43. Kd1 g3 44. Qg2 Nc3+ 45. Kc1 Ne2+ 46.
Kd1 Qd3+ 47. Ke1 Nxf4+ 48. Qe4 Rxe4# 0-1